Loga firm ze zwierzęta - Statystyki

Ogólne statystyki
  • Ten quiz został rozwiązany 40 razy
  • Średni wynik to 13 z 20
Statystyki odpowiedzi
Obrazkowy Odpowiedź % Poprawnych
Puma
100%
Red Bull
97%
Ferrari
92%
ING
92%
Firefox
89%
JetPunk
83%
Jurassic Park
81%
Lacoste
81%
PlayBoy
81%
Lamborghini
78%
Nestle
75%
Duolingo
61%
Mustang
56%
World Wide Fund
56%
John Deere
50%
Crocs
42%
English Premier League
42%
Swarovski
31%
Barclays
11%
Qantas
8%
Nie znaleziono quizów pasujących do podanych kryteriów
Rozkład punktacji
Procent ludzi z każdym wynikiem
Percentyl według liczby udzielonych odpowiedzi
Twoja historia wyników
Nie rozwiązałeś tego quizu